CRITIQUE DE L’INTÉGRATION NORMATIVE, Sous la direction Mireille DELMAS-MARTY, PUF, collection Les voies du droit, 330 p., par Emmanuelle Gindre, Attachée temporaire d’enseignement et de recherche à l’Université Pierre Mendès France - Grenoble II Doctorante à l’École Doctorale de Droit Comparé de l’Université de Paris I - Panthéon -Sorbonne (notice n° 1577134)
[ vue normale ]
| 000 -LEADER | |
|---|---|
| fixed length control field | 00822cam a2200145 4500500 |
| 005 - DATE AND TIME OF LATEST TRANSACTION | |
| control field | 20251214042930.0 |
| 041 ## - LANGUAGE CODE | |
| Language code of text/sound track or separate title | fre |
| 042 ## - AUTHENTICATION CODE | |
| Authentication code | dc |
| 100 10 - MAIN ENTRY--PERSONAL NAME | |
| Personal name | Whitman, James |
| Relator term | author |
| 245 00 - TITLE STATEMENT | |
| Title | CRITIQUE DE L’INTÉGRATION NORMATIVE, Sous la direction Mireille DELMAS-MARTY, PUF, collection Les voies du droit, 330 p., par Emmanuelle Gindre, Attachée temporaire d’enseignement et de recherche à l’Université Pierre Mendès France - Grenoble II Doctorante à l’École Doctorale de Droit Comparé de l’Université de Paris I - Panthéon -Sorbonne |
| 260 ## - PUBLICATION, DISTRIBUTION, ETC. | |
| Date of publication, distribution, etc. | 2005.<br/> |
| 500 ## - GENERAL NOTE | |
| General note | 59 |
| 786 0# - DATA SOURCE ENTRY | |
| Note | Archives de politique criminelle | 27 | 1 | 2005-10-01 | p. 235a-259a | 0242-5637 |
| 856 41 - ELECTRONIC LOCATION AND ACCESS | |
| Uniform Resource Identifier | <a href="https://droit.cairn.info/revue-archives-de-politique-criminelle-2005-1-page-235a?lang=fr&redirect-ssocas=7080">https://droit.cairn.info/revue-archives-de-politique-criminelle-2005-1-page-235a?lang=fr&redirect-ssocas=7080</a> |
Pas d'exemplaire disponible.




Réseaux sociaux